| 000 | 00426nam a22001571a 4500 | ||
|---|---|---|---|
| 020 | _a8184230818 | ||
| 082 |
_aM301 _bNAN/M |
||
| 100 |
_aNandanar _9143906 |
||
| 245 |
_aMalayalathinte suvarnnakathakal: _bNandanar/ _cby Nandanar |
||
| 260 |
_aThrissur _bGreen Books _c2016. |
||
| 300 | _a184p. | ||
| 650 |
_a Stories Malayalam _9143907 |
||
| 650 |
_aLiterature Malayalam _9143908 |
||
| 650 |
_aLiterature _9143909 |
||
| 942 | _cBK | ||
| 999 |
_c72406 _d72406 |
||